Kings League - Joueurs des équipes françaises - Statistiques

Statistiques générales
  • Ce quiz a été pris 40 fois
  • Le résultat moyen est 8 sur 15
Statistiques - réponses
Par images Réponse % Correct
Amara Fofana
83%
JMK
74%
Beendo Z
71%
Clément Goguey
71%
Théo Chendri
71%
Guillaume Lesec
69%
Marvin Emmanuel
66%
Driss Zidane
57%
Abdel-Amine Tran
46%
Abdraman Touré
46%
Haris El Mouttaqi
46%
Jhon Suarez
31%
Jordan Boli
29%
Mehdi Tenniche
26%
Bilal Bouchelouche
23%
Aucun quiz correspondant
Distribution des résultats
% des personnes avec chaque résultat
Percentile par nombre de réponses
Votre historique - résultats
Vous n’avez pas pris ce quiz